[Event "14. Sparkassen Open 2015 - Gruppe B"]
[Site "Forchheim"]
[Date "2015.10.02"]
[Round "1.1"]
[White "Merz, Andreas"]
[Black "Diller, Daniel"]
[Result "0-1"]
[WhiteElo "1846"]
[BlackElo "1895"]
[PlyCount "38"]
[EventDate "2015.??.??"]
[WhiteTeam "SC Treuchtlingen"]
[BlackTeam "SC Erlangen"]

1. e4 e6 2. d4 d5 3. Nd2 Nf6 4. e5 Nfd7 5. Bd3 c5 6. c3 Nc6 7. Ne2 cxd4 8. cxd4
f6 9. Nf4 Nxd4 10. Qh5+ Ke7 11. Ng6+ hxg6 12. Qxh8 Nxe5 13. Bb1 Qc7 14. Kd1 Bd7
15. b3 Ke8 16. Qh4 Qc3 17. f4 Nd3 18. Bxd3 Qxd3 19. Qf2 Rc8 0-1

[Event "14. Sparkassen Open 2015 - Gruppe B"]
[Site "Forchheim"]
[Date "2015.10.02"]
[Round "1.2"]
[White "Schwarz, Eduard"]
[Black "Kuhmann, Peter"]
[Result "1/2-1/2"]
[WhiteElo "1992"]
[BlackElo "1942"]
[PlyCount "22"]
[EventDate "2015.??.??"]
[WhiteTeam "SG Idstein"]
[BlackTeam "TSV Kirchehrenbach"]

1. Nf3 Nf6 2. d4 e6 3. c4 c5 4. d5 b5 5. Nc3 b4 6. Na4 Bb7 7. Bg5 d6 8. e4 Be7
9. dxe6 Nxe4 10. Bxe7 Kxe7 11. Qe2 Rf8 1/2-1/2

[Event "14. Sparkassen Open 2015 - Gruppe B"]
[Site "Forchheim"]
[Date "2015.10.02"]
[Round "1.3"]
[White "Gebhardt, Christian"]
[Black "Corral, Carlos"]
[Result "1-0"]
[WhiteElo "1897"]
[BlackElo "2010"]
[PlyCount "49"]
[EventDate "2015.??.??"]
[WhiteTeam "SV Seubelsdorf"]
[BlackTeam "SC Noris-Tarrasch Nürnberg"]

1. Nf3 c5 2. e4 Nc6 3. d4 cxd4 4. Nxd4 g6 5. Nc3 Bg7 6. Be3 Nf6 7. Bc4 Qa5 8.
O-O O-O 9. Bb3 d6 10. h3 Bd7 11. f4 Rfe8 12. f5 Ne5 13. Nf3 Nxf3+ 14. Qxf3 gxf5
15. exf5 Bc6 16. Qf2 b6 17. Rae1 Rac8 18. Qh4 d5 19. Rf3 d4 20. Rg3 dxe3 21.
Qg5 Ng4 22. Rxg4 Qe5 23. Rxe3 Qf6 24. Qxf6 exf6 25. Reg3 1-0

[Event "14. Sparkassen Open 2015 - Gruppe B"]
[Site "Forchheim"]
[Date "2015.10.02"]
[Round "1.4"]
[White "Pikal, Alexander"]
[Black "Pohl, Steffen"]
[Result "1/2-1/2"]
[WhiteElo "1966"]
[BlackElo "1876"]
[PlyCount "66"]
[EventDate "2015.??.??"]
[WhiteTeam "SC Ansbach"]
[BlackTeam "SK Schwanstetten"]

1. f4 d6 2. Nf3 Bg4 3. d4 Bxf3 4. exf3 Nf6 5. c3 Nbd7 6. Bc4 d5 7. Bd3 e6 8.
O-O c5 9. Qe2 Qb6 10. Qf2 Bd6 11. Kh1 O-O 12. a4 Rac8 13. a5 Qc7 14. g3 Nb8 15.
Be3 cxd4 16. Bxd4 Bc5 17. Nd2 Bxd4 18. Qxd4 Nc6 19. Qc5 Qd8 20. Qxd5 Qd6 21.
Rad1 Qc7 22. Nb3 Ne8 23. Qc5 Qd6 24. Qe3 Qc7 25. g4 e5 26. Bb5 Nf6 27. Ra1 Ne7
28. Rae1 Nf5 29. Qxe5 Nd6 30. Bd3 Rfe8 31. Qd4 Nc4 32. Bxc4 Qxc4 33. Qxc4 Rc5
1/2-1/2

[Event "14. Sparkassen Open 2015 - Gruppe B"]
[Site "Forchheim"]
[Date "2015.10.02"]
[Round "1.5"]
[White "Löllmann, Heinrich"]
[Black "Beck, Karl"]
[Result "0-1"]
[WhiteElo "1825"]
[BlackElo "1943"]
[PlyCount "52"]
[EventDate "2015.??.??"]
[WhiteTeam "SV Bubenreuth"]
[BlackTeam "SC Markt Berolzheim"]

1. e4 c5 2. Nf3 e6 3. c4 Nc6 4. d4 cxd4 5. Nxd4 Nf6 6. Nc3 Bb4 7. f3 O-O 8. a3
Be7 9. Be3 d5 10. cxd5 exd5 11. Nxc6 bxc6 12. exd5 Nxd5 13. Nxd5 cxd5 14. Bd4
Bh4+ 15. g3 Re8+ 16. Kf2 Bf6 17. Bb5 Re6 18. Qd2 Rb8 19. Ba4 Ra6 20. Bc2 Rc6
21. Rac1 Rc4 22. Bxf6 Qxf6 23. b4 Be6 24. Bb3 Rd4 25. Qe2 Re8 26. Rhe1 Qh6 0-1

[Event "14. Sparkassen Open 2015 - Gruppe B"]
[Site "Forchheim"]
[Date "2015.10.02"]
[Round "1.6"]
[White "Deml, Tilo"]
[Black "Schlötterer, Hermann"]
[Result "1-0"]
[WhiteElo "1890"]
[BlackElo "1872"]
[PlyCount "71"]
[EventDate "2015.??.??"]
[WhiteTeam "1.FC Marktleuthen"]
[BlackTeam "Zabo-Eintracht Nürnberg"]

1. c4 e5 2. g3 Nf6 3. Bg2 Bc5 4. Nc3 O-O 5. d3 c6 6. Nf3 d6 7. O-O h6 8. Na4
Bb4 9. a3 Ba5 10. b4 Bc7 11. Bb2 Bf5 12. e4 Bg4 13. h3 Be6 14. c5 Nbd7 15. cxd6
Bxd6 16. d4 exd4 17. Nxd4 Bc4 18. Re1 Be5 19. f4 Bc7 20. Rc1 Ba6 21. Kh2 Qe7
22. e5 Nh7 23. b5 Bxb5 24. Nxb5 cxb5 25. Rxc7 bxa4 26. Qxd7 Qxd7 27. Rxd7 Rfe8
28. Bd5 Rec8 29. Re2 Rd8 30. Bxf7+ Kf8 31. Red2 Rxd7 32. Rxd7 Rc8 33. Bd4 Rc2+
34. Kg1 g5 35. e6 b5 36. Bg6 1-0

[Event "14. Sparkassen Open 2015 - Gruppe B"]
[Site "Forchheim"]
[Date "2015.10.02"]
[Round "1.8"]
[White "Wagner, Robert"]
[Black "Miranda Laferte, Erick"]
[Result "1-0"]
[WhiteElo "1868"]
[BlackElo "1866"]
[PlyCount "63"]
[EventDate "2015.??.??"]
[WhiteTeam "SC Forchheim"]
[BlackTeam "Hannover 96"]

1. d4 Nf6 2. c4 g6 3. Nc3 d5 4. cxd5 Nxd5 5. e4 Nxc3 6. bxc3 Bg7 7. Bc4 O-O 8.
Ne2 Nd7 9. O-O Nb6 10. Bb3 Bd7 11. a4 a5 12. Be3 Qe8 13. Ra2 Rd8 14. Qc2 Bc8
15. f4 Bg4 16. Ng3 Qc6 17. f5 Nc4 18. Bc1 e5 19. h3 exd4 20. Bxc4 Qxc4 21. hxg4
d3 22. Qb1 Qxc3 23. Bb2 Qc5+ 24. Kh2 Bh6 25. Ba3 Qc6 26. Bxf8 Kxf8 27. Rd1 Bf4
28. Rxd3 Re8 29. Qb3 gxf5 30. Rf2 Qh6+ 31. Kg1 Rxe4 32. Nxe4 1-0

[Event "14. Sparkassen Open 2015 - Gruppe B"]
[Site "Forchheim"]
[Date "2015.10.02"]
[Round "1.9"]
[White "Mönch, Dietmar"]
[Black "Lais, Thomas"]
[Result "0-1"]
[WhiteElo "1798"]
[BlackElo "1942"]
[PlyCount "92"]
[EventDate "2015.??.??"]
[BlackTeam "SW Nürnberg Süd"]

1. d4 Nf6 2. Nf3 g6 3. e3 d5 4. Bd3 Bg7 5. O-O O-O 6. Nbd2 c5 7. dxc5 Nbd7 8.
e4 Nxc5 9. Qe2 dxe4 10. Bxe4 Qc7 11. c3 Nfxe4 12. Nxe4 Nxe4 13. Qxe4 Bf5 14.
Qb4 Rad8 15. Bg5 f6 16. Be3 b6 17. Nd4 Bc8 18. Rfd1 Kh8 19. Qb3 e5 20. Nb5 Qe7
21. Rxd8 Rxd8 22. Rd1 Be6 23. Rxd8+ Qxd8 24. Qc2 a6 25. Na3 b5 26. b3 Qd6 27.
Nb1 Bf5 28. Qd2 Bf8 29. Qxd6 Bxd6 30. Nd2 Kg7 31. f3 Kf7 32. c4 Bb4 33. cxb5
axb5 34. Ne4 Bxe4 35. fxe4 f5 36. exf5 gxf5 37. Kf2 Ke6 38. Ke2 Kd5 39. Kd3 f4
40. Bb6 e4+ 41. Ke2 Bc5 42. Bc7 Bd6 43. Bxd6 Kxd6 44. g4 b4 45. h4 Ke5 46. Kd2
Kd4 0-1

[Event "14. Sparkassen Open 2015 - Gruppe B"]
[Site "Forchheim"]
[Date "2015.10.02"]
[Round "1.10"]
[White "Juciute, Einora"]
[Black "Thürauf, Peter"]
[Result "0-1"]
[WhiteElo "1897"]
[BlackElo "1835"]
[PlyCount "126"]
[EventDate "2015.??.??"]
[BlackTeam "SW Nürnberg Süd"]

1. e4 c5 2. Nf3 e6 3. d4 cxd4 4. Nxd4 Nf6 5. Nc3 Nc6 6. Nxc6 bxc6 7. Qf3 e5 8.
Bg5 Be7 9. Bc4 d6 10. O-O O-O 11. Qd3 Qc7 12. Rad1 Rd8 13. Bb3 a5 14. Qg3 Nh5
15. Qh4 Bxg5 16. Qxh5 Bf6 17. f4 exf4 18. Rxf4 Be6 19. Rd3 g6 20. Qh6 Bg7 21.
Qh4 Bxb3 22. axb3 Re8 23. Rh3 h6 24. Qf2 Qa7 25. Rd3 Qxf2+ 26. Kxf2 Ra7 27. h3
Rae7 28. Kf3 h5 29. Rxd6 Be5 30. Rxc6 Bxf4 31. Kxf4 Re5 32. Rc4 g5+ 33. Kf3 f5
34. exf5 Rxf5+ 35. Kg3 Re3+ 36. Kh2 Kf7 37. b4 axb4 38. Rxb4 Re1 39. h4 gxh4
40. Rxh4 Rc1 41. Ne4 Kg6 42. c3 Re5 43. b4 Re1 44. Ng3 R1e3 45. c4 Kh6 46. c5
Rg5 47. Ne4 Rg4 48. Rxg4 hxg4 49. Nd6 Rc3 50. b5 Rxc5 51. b6 Rc3 52. Nf7+ Kh5
53. b7 Rb3 54. Nd8 Kg6 55. Kg1 Rb2 56. Kh2 Rb3 57. Kg1 Kf6 58. Kf2 Kf5 59. Nf7
Kf4 60. Nd8 Rb2+ 61. Kf1 Ke3 62. g3 Kf3 63. Ke1 Kxg3 0-1

[Event "14. Sparkassen Open 2015 - Gruppe B"]
[Site "Forchheim"]
[Date "2015.10.02"]
[Round "1.11"]
[White "Balhar, Michael"]
[Black "Mantel, Ruben"]
[Result "1-0"]
[WhiteElo "1794"]
[BlackElo "1773"]
[PlyCount "91"]
[EventDate "2015.??.??"]
[WhiteTeam "SC Erlangen"]
[BlackTeam "Zabo-Eintracht Nürnberg"]

1. e4 e6 2. b3 d5 3. Bb2 dxe4 4. Nc3 Nf6 5. Qe2 Bb4 6. O-O-O Bxc3 7. dxc3 Qe7
8. g4 Bd7 9. g5 Nd5 10. h4 Bc6 11. c4 Nf4 12. Qg4 Ng6 13. Bxg7 Rg8 14. Bb2 Nd7
15. Bg2 O-O-O 16. Ne2 Nge5 17. Qg3 f6 18. Nd4 fxg5 19. h5 Rdf8 20. Nxc6 Nxc6
21. Bxe4 Nb4 22. Kb1 Rf4 23. Qe3 Nc5 24. f3 Nxe4 25. fxe4 Nc6 26. Rhg1 Rgf8 27.
h6 e5 28. Qh3+ Kb8 29. Rd7 Qc5 30. Rgd1 a6 31. Rxh7 g4 32. Qd3 Nd4 33. Bxd4
exd4 34. Rg7 Qh5 35. h7 R4f7 36. Qxd4 Rxg7 37. Qxg7 Rc8 38. Rd7 Qh1+ 39. Kb2
Qh2 40. Qxg4 Qe5+ 41. Kb1 Rf8 42. Rd1 Ka7 43. Qg1+ b6 44. Qd4 Qh5 45. Qd7 Kb7
46. Qd5+ 1-0

[Event "14. Sparkassen Open 2015 - Gruppe B"]
[Site "Forchheim"]
[Date "2015.10.02"]
[Round "1.12"]
[White "Thurn, Stephan"]
[Black "Faralisz, Patrick"]
[Result "0-1"]
[WhiteElo "1889"]
[BlackElo "1641"]
[PlyCount "52"]
[EventDate "2015.??.??"]
[WhiteTeam "TSV Kirchehrenbach"]
[BlackTeam "SC Noris-Tarrasch Nürnberg"]

1. Nf3 d5 2. d4 Nf6 3. c4 c6 4. Nc3 a6 5. a4 e6 6. Bf4 dxc4 7. e4 Bb4 8. Bxc4
Nxe4 9. Qd3 Qa5 10. O-O Nxc3 11. bxc3 Bxc3 12. Rab1 Bb4 13. Ne5 Be7 14. Qg3 O-O
15. Nxf7 Rxf7 16. Bxb8 b5 17. axb5 axb5 18. Bb3 Qb6 19. Be5 c5 20. Bc2 Bf6 21.
Qd3 h6 22. Rxb5 Qd8 23. Qh7+ Kf8 24. Bg6 Bxe5 25. dxe5 Ba6 26. Ra1 Qd4 0-1

[Event "14. Sparkassen Open 2015 - Gruppe B"]
[Site "Forchheim"]
[Date "2015.10.02"]
[Round "1.13"]
[White "Schwab, Edgar"]
[Black "Reuter, Roland"]
[Result "0-1"]
[WhiteElo "1930"]
[BlackElo "2000"]
[PlyCount "52"]
[EventDate "2015.??.??"]
[WhiteTeam "SC Forchheim"]
[BlackTeam "SK Schwabach"]

1. d4 Nf6 2. Nf3 g6 3. g3 Bg7 4. Bg2 d5 5. O-O Nc6 6. Nc3 Bf5 7. Nh4 Qd7 8.
Nxf5 Qxf5 9. Bf4 O-O-O 10. a3 g5 11. Be3 h5 12. Qd2 Ne4 13. Nxe4 dxe4 14. c3 h4
15. Bxg5 hxg3 16. fxg3 Qh7 17. h3 f6 18. Bh4 Bh6 19. Qc2 f5 20. Qb3 Be3+ 21.
Kh2 Qg6 22. d5 Ne5 23. c4 Rxh4 24. gxh4 Rg8 25. Rg1 Qg3+ 26. Kh1 Ng4 0-1

[Event "14. Sparkassen Open 2015 - Gruppe B"]
[Site "Forchheim"]
[Date "2015.10.02"]
[Round "1.14"]
[White "Adler, Herbert"]
[Black "Gheng, Dominik"]
[Result "1-0"]
[WhiteElo "2001"]
[BlackElo "1757"]
[PlyCount "145"]
[EventDate "2015.??.??"]
[WhiteTeam "SG Büchenbach/Roth"]
[BlackTeam "Schach-Kids Bernhausen"]

1. d4 d5 2. g3 Nf6 3. Bg2 e6 4. c4 Be7 5. Nf3 b6 6. O-O O-O 7. Nc3 Bb7 8. Ne5
Nbd7 9. cxd5 Nxd5 10. Nxd7 Qxd7 11. Qb3 Nxc3 12. bxc3 Bxg2 13. Kxg2 c5 14. Rd1
Qc6+ 15. f3 Rac8 16. Be3 cxd4 17. cxd4 Qc2 18. Qxc2 Rxc2 19. Kf1 Bf6 20. a4 Rd8
21. a5 b5 22. a6 Rc4 23. Ra5 Rd5 24. Rb1 b4 25. Rxd5 exd5 26. Bd2 Be7 27. e4
dxe4 28. fxe4 Rxd4 29. Be3 Rd7 30. Ke2 Rc7 31. Rc1 Rxc1 32. Bxc1 Bc5 33. Kd3
Kf8 34. Kc4 Bb6 35. Kxb4 Ke7 36. Kc4 Kd6 37. Bb2 g6 38. g4 h5 39. h3 hxg4 40.
hxg4 Kc6 41. Bf6 Kd6 42. Bb2 Bc5 43. g5 Kc6 44. Bf6 Bb6 45. Be7 Kd7 46. Bc5 Kc6
47. Bxb6 Kxb6 48. Kd5 Kxa6 49. Kd6 Kb6 50. Ke7 a5 51. Kxf7 a4 52. e5 a3 53. e6
a2 54. e7 a1=Q 55. e8=Q Qf1+ 56. Kg8 Qf5 57. Qe7 Kc6 58. Kg7 Kd5 59. Qf6 Qe4
60. Qxg6 Qe5+ 61. Qf6 Qg3 62. g6 Kc5 63. Kf7 Qb3+ 64. Kf8 Qb8+ 65. Kf7 Qb3+ 66.
Qe6 Qf3+ 67. Ke7 Qb7+ 68. Kf6 Qh1 69. g7 Qh6+ 70. Kf7 Qf4+ 71. Ke7 Qg5+ 72. Qf6
Qe3+ 73. Kf8 1-0

[Event "14. Sparkassen Open 2015 - Gruppe B"]
[Site "Forchheim"]
[Date "2015.10.02"]
[Round "1.15"]
[White "Gugenberger, Uwe"]
[Black "Adelhütte, Dennis"]
[Result "0-1"]
[WhiteElo "1942"]
[BlackElo "1962"]
[PlyCount "95"]
[EventDate "2015.??.??"]
[WhiteTeam "PSV Dorfen"]
[BlackTeam "SC  JÄKLECHEMIE"]

1. d4 Nf6 2. Nf3 g6 3. g3 Bg7 4. Bg2 O-O 5. Nbd2 d5 6. O-O Bd7 7. c3 Qc8 8. Re1
Re8 9. Ne5 c5 10. dxc5 Qxc5 11. Nb3 Qc7 12. Nxd7 Qxd7 13. Bg5 Ne4 14. Be3 Qf5
15. f3 Nd6 16. Bc5 Nc4 17. Rb1 Nc6 18. e4 dxe4 19. fxe4 Qg5 20. Qe2 N6a5 21.
Nxa5 Qxc5+ 22. Kh1 Nxa5 23. b4 Qxc3 24. bxa5 Qxa5 25. Rxb7 Rab8 26. Reb1 Rxb7
27. Rxb7 Bd4 28. Rd7 Qc5 29. Qd1 e5 30. Qb1 Rc8 31. Bf1 Qa3 32. Qb3 Qxb3 33.
axb3 Rc1 34. Kg2 Rc2+ 35. Kh3 h5 36. Bc4 Rf2 37. g4 Rf3+ 38. Kg2 hxg4 39. h3
Rf2+ 40. Kg3 Rf4 41. hxg4 Bf2+ 42. Kg2 Bd4 43. Kg3 g5 44. Bd5 Kf8 45. Rc7 a5
46. Rc2 Rf1 47. Ra2 Bc3 48. Rf2 0-1

[Event "14. Sparkassen Open 2015 - Gruppe B"]
[Site "Forchheim"]
[Date "2015.10.02"]
[Round "1.16"]
[White "Krasotin, Valentin"]
[Black "Heckel, Wolfgang"]
[Result "1-0"]
[WhiteElo "1777"]
[BlackElo "1756"]
[PlyCount "51"]
[EventDate "2015.??.??"]
[WhiteTeam "SW Nürnberg Süd"]
[BlackTeam "TSG Ellingen"]

1. e4 c5 2. Nf3 Nc6 3. d4 cxd4 4. Nxd4 d6 5. c4 Nf6 6. Nc3 g6 7. f3 Bg7 8. Be3
Bd7 9. Qd2 O-O 10. g4 a6 11. Nxc6 Bxc6 12. Bh6 Qa5 13. h4 b5 14. h5 Rac8 15.
O-O-O b4 16. Nd5 Bxd5 17. Bxg7 Bxc4 18. Bxc4 Rxc4+ 19. Kb1 Kxg7 20. hxg6 fxg6
21. Qh6+ Kg8 22. g5 Nh5 23. Rxh5 gxh5 24. g6 Rf7 25. Rg1 Rc1+ 26. Rxc1 1-0

[Event "14. Sparkassen Open 2015 - Gruppe B"]
[Site "Forchheim"]
[Date "2015.10.02"]
[Round "1.17"]
[White "Reinhard, Ralf-Peter"]
[Black "Wabra, Robert"]
[Result "1/2-1/2"]
[WhiteElo "1894"]
[BlackElo "1991"]
[PlyCount "98"]
[EventDate "2015.??.??"]
[WhiteTeam "vereinslos"]
[BlackTeam "SF Gerresheim"]

1. d4 Nf6 2. Nf3 b6 3. e3 Bb7 4. Bd3 e6 5. O-O c5 6. Nbd2 d5 7. c3 Bd6 8. Qe2
O-O 9. e4 dxe4 10. Nxe4 Nxe4 11. Bxe4 Bxe4 12. Qxe4 Nd7 13. Bg5 Qc7 14. Rad1
Rae8 15. Bc1 h6 16. Rfe1 c4 17. Ne5 Nf6 18. Qe2 b5 19. Bf4 Nd5 20. Bg3 a5 21.
Nf3 Rb8 22. Nd2 Rfd8 23. Ne4 Bxg3 24. hxg3 Rb6 25. Nc5 Nf6 26. Qe5 Qxe5 27.
Rxe5 Rd5 28. Rde1 Rxe5 29. Rxe5 Nd5 30. f4 g6 31. Kf2 b4 32. Na4 Rb8 33. Re2
Kg7 34. Kf3 h5 35. Rc2 bxc3 36. bxc3 Rb1 37. Kf2 h4 38. gxh4 Nxf4 39. Nc5 Rh1
40. Nb7 a4 41. Nd6 Rxh4 42. Nxc4 Nd5 43. Nb2 Nb6 44. Nd3 Nc4 45. Rc1 Rh8 46.
Rb1 Nd2 47. Rc1 Nc4 48. Rb1 Nd2 49. Rc1 Nc4 1/2-1/2

[Event "14. Sparkassen Open 2015 - Gruppe B"]
[Site "Forchheim"]
[Date "2015.10.02"]
[Round "1.18"]
[White "Huber, Lukas"]
[Black "Hartewig, Anja"]
[Result "1/2-1/2"]
[WhiteElo "1894"]
[BlackElo "1722"]
[PlyCount "93"]
[EventDate "2015.??.??"]
[WhiteTeam "SC Tannhausen"]
[BlackTeam "Chemnitzer SC Aufbau"]

1. e4 d6 2. d4 Nf6 3. Nc3 g6 4. Nf3 Bg7 5. Be3 c6 6. Qd2 Nbd7 7. e5 dxe5 8.
dxe5 Ng4 9. e6 fxe6 10. Ng5 Nde5 11. Qxd8+ Kxd8 12. Bd4 Bf6 13. Nce4 Ke8 14.
Nxf6+ exf6 15. h3 Nh6 16. f4 Nf5 17. Bc3 Ne3 18. Ne4 Nd7 19. Kf2 Nd5 20. Bd2
Kf7 21. Rd1 e5 22. g3 exf4 23. gxf4 N7b6 24. c4 Nc7 25. Bc3 Be6 26. Nxf6 Rhd8
27. Rxd8 Rxd8 28. b3 h5 29. Be2 Na6 30. Ne4 Bf5 31. Ng5+ Kf8 32. Re1 Kg8 33.
Kg3 Nc5 34. Bf3 Kf8 35. Bb4 Nbd7 36. Be4 Re8 37. Bxf5 gxf5 38. Nh7+ Kf7 39.
Rxe8 Kxe8 40. Bxc5 Nxc5 41. Nf6+ Kf7 42. Nxh5 Kg6 43. Kh4 Nd3 44. a3 Nc1 45. b4
Nd3 46. Ng3 Nxf4 47. Nf1 1/2-1/2

[Event "14. Sparkassen Open 2015 - Gruppe B"]
[Site "Forchheim"]
[Date "2015.10.02"]
[Round "1.19"]
[White "Wärtsch, Michael"]
[Black "Grieme, Jens"]
[Result "1/2-1/2"]
[WhiteElo "1866"]
[BlackElo "1875"]
[PlyCount "82"]
[EventDate "2015.??.??"]
[WhiteTeam "SG Lüdenscheid"]
[BlackTeam "TuS Syke"]

1. e4 {[%emt 0:00:00]} c6 2. d4 d5 3. exd5 cxd5 4. Bd3 Nc6 5. c3 Qc7 6. Bg5 e5
7. dxe5 Qxe5+ 8. Qe2 Bc5 9. Nd2 Nge7 10. Qxe5 Nxe5 11. Bb5+ N7c6 12. Ngf3 O-O
13. Nxe5 Nxe5 14. O-O a6 15. Be2 Bf5 16. Rad1 Bc2 17. Rc1 Bd3 18. Bxd3 Nxd3 19.
Rc2 Rfe8 20. Nb3 Bb6 21. Rd2 Nxf2 22. Rdxf2 Bxf2+ 23. Kxf2 Re5 24. Bd2 Rae8 25.
Nd4 f6 26. Re1 Kf7 27. Nf3 Rxe1 28. Nxe1 Ke6 29. Be3 g6 30. Nd3 Kd6 31. a4 a5
32. Bb6 Ra8 33. Kf3 Kc6 34. Bd4 b5 35. axb5+ Kxb5 36. b3 Kc6 37. g4 Rb8 38. Nc1
Rf8 39. Nd3 Rb8 40. Nc1 Rf8 41. Nd3 Rb8 1/2-1/2

[Event "14. Sparkassen Open 2015 - Gruppe B"]
[Site "Forchheim"]
[Date "2015.10.02"]
[Round "1.20"]
[White "Kaufmann, Rolf"]
[Black "Richter, Tony"]
[Result "1-0"]
[WhiteElo "1910"]
[BlackElo "1680"]
[PlyCount "57"]
[EventDate "2015.??.??"]
[WhiteTeam "SF Hoffenheim"]
[BlackTeam "SV Triebes"]

1. e4 c5 2. c3 d5 3. exd5 Qxd5 4. d4 Nf6 5. Nf3 g6 6. dxc5 Qxc5 7. Be3 Qc7 8.
Na3 Bd7 9. Nb5 Qa5 10. b4 Qd8 11. Bf4 Na6 12. Qe2 Bxb5 13. Qxb5+ Qd7 14. Rd1
O-O-O 15. Rxd7 Rxd7 16. Ne5 Nc7 17. Qc4 b5 18. Qc5 Rd5 19. Qxa7 g5 20. Nxf7
gxf4 21. Nxh8 Bg7 22. Nf7 Ne4 23. Be2 Bxc3+ 24. Kf1 Bd4 25. Bg4+ e6 26. Bxe6+
Nxe6 27. Qa8+ Kc7 28. Qxd5 Nd2+ 29. Ke2 1-0

[Event "14. Sparkassen Open 2015 - Gruppe B"]
[Site "Forchheim"]
[Date "2015.10.02"]
[Round "1.21"]
[White "Hummel, Thomas"]
[Black "Schmitz, Tim"]
[Result "0-1"]
[WhiteElo "1947"]
[BlackElo "1796"]
[PlyCount "57"]
[EventDate "2015.??.??"]
[WhiteTeam "SK Neumarkt"]
[BlackTeam "SC Sendling"]

1. b3 e5 2. Bb2 Nc6 3. e3 d5 4. d4 Bd6 5. Nf3 exd4 6. exd4 Nf6 7. Be2 O-O 8.
O-O Re8 9. c4 Bf5 10. c5 Bf4 11. Bb5 Ne4 12. Bxc6 bxc6 13. Ne5 Qg5 14. Nd3
Bxh2+ 15. Kxh2 Qh4+ 16. Kg1 Re6 17. Bc1 g5 18. f3 Ng3 19. Ne5 f6 20. Re1 fxe5
21. dxe5 Rxe5 22. Nc3 Rae8 23. Rxe5 Rxe5 24. Qd2 d4 25. Ne4 Qh1+ 26. Kf2 Nxe4+
27. fxe4 Bxe4 28. g4 Qg2+ 29. Ke1 0-1

[Event "14. Sparkassen Open 2015 - Gruppe B"]
[Site "Forchheim"]
[Date "2015.10.02"]
[Round "1.22"]
[White "Krastev, Alexander"]
[Black "Rierl, Klaus"]
[Result "1-0"]
[WhiteElo "1858"]
[BlackElo "1789"]
[PlyCount "95"]
[EventDate "2015.??.??"]
[WhiteTeam "Biebertaler SF"]
[BlackTeam "SG Sonneberg"]

1. e4 d5 2. exd5 Qxd5 3. Nc3 Qa5 4. d4 Nf6 5. Bd2 Qb6 6. Nf3 Bg4 7. Bd3 c6 8.
Na4 Qc7 9. Nc5 e6 10. O-O Nbd7 11. Nxd7 Nxd7 12. h3 Bxf3 13. Qxf3 Nf6 14. c4
Be7 15. Bc3 h6 16. Rfe1 O-O 17. Rad1 a5 18. a3 Rad8 19. Bc2 b5 20. Be4 Nxe4 21.
Qxe4 bxc4 22. Qe2 Bf6 23. Qxc4 Rd5 24. b4 axb4 25. Bxb4 Rfd8 26. Bc5 e5 27. Rb1
exd4 28. Bb6 Qd7 29. Bxd8 Bxd8 30. Rbc1 c5 31. Re8+ Kh7 32. Qd3+ g6 33. Re2 Bf6
34. Rec2 Bg5 35. Ra1 Qc7 36. a4 Qe7 37. a5 Re5 38. Kf1 Qa7 39. a6 Re6 40. Rb2
Bf6 41. Rb7 Qa8 42. Rxf7+ Bg7 43. a7 Kg8 44. Qf3 Re8 45. Qxa8 Rxa8 46. Rb7 Be5
47. Rab1 d3 48. Rb8+ 1-0

[Event "14. Sparkassen Open 2015 - Gruppe B"]
[Site "Forchheim"]
[Date "2015.10.02"]
[Round "1.23"]
[White "Diebel, Günter"]
[Black "Schulz, Siegfried"]
[Result "1-0"]
[WhiteElo "1802"]
[BlackElo "1928"]
[PlyCount "118"]
[EventDate "2015.??.??"]
[WhiteTeam "SW Nürnberg Süd"]
[BlackTeam "TSV Kirchenlaibach"]

1. e4 e6 2. Nc3 d5 3. exd5 exd5 4. d4 Nf6 5. Bg5 Be7 6. Bd3 O-O 7. Nf3 h6 8.
Be3 c6 9. Qd2 Ng4 10. O-O-O Nxe3 11. fxe3 c5 12. dxc5 Bxc5 13. Nd4 Nc6 14. Nb3
Be7 15. Kb1 a5 16. g4 Bg5 17. Qf2 Bh4 18. Qf3 Ne5 19. Qg2 a4 20. Nd4 Bf6 21. a3
Nxd3 22. Rxd3 Ra5 23. Qd2 Qb6 24. h4 Bxg4 25. Qg2 Be6 26. Rg1 Rc8 27. Nxe6 fxe6
28. Qg6 Kf8 29. Rf1 Qd8 30. Qg4 Qe8 31. Qb4+ Rac5 32. Nxa4 Qe7 33. Nxc5 Rxc5
34. Rc3 Rxc3 35. Qxc3 Kg8 36. Qc8+ Kh7 37. h5 b6 38. Qc6 Qf7 39. Qxb6 Qxh5 40.
Qxe6 Qe2 41. Qf5+ Kg8 42. Qd3 Qxd3 43. cxd3 Kf7 44. b4 Ke7 45. a4 Ke6 46. a5
Kd6 47. b5 Kc5 48. a6 Kb6 49. Kc2 h5 50. Kd2 h4 51. Ke2 d4 52. e4 Be5 53. Rf7
h3 54. Kf2 g5 55. Rb7+ Kc5 56. a7 g4 57. a8=Q g3+ 58. Kg1 Kb4 59. Qf8+ Kc3 1-0

[Event "14. Sparkassen Open 2015 - Gruppe B"]
[Site "Forchheim"]
[Date "2015.10.02"]
[Round "1.24"]
[White "Breitenbach, Joachim"]
[Black "Meyer, Nico"]
[Result "1/2-1/2"]
[WhiteElo "2045"]
[BlackElo "1437"]
[PlyCount "33"]
[EventDate "2015.??.??"]
[WhiteTeam "Schachtreff Röttenbach"]
[BlackTeam "SC Bechhofen"]

1. e4 e5 2. Nf3 Nc6 3. c3 Nf6 4. d4 exd4 5. e5 Qe7 6. cxd4 d6 7. Bb5 Bd7 8. O-O
Nd5 9. Bg5 Qe6 10. Re1 Be7 11. Bxe7 Ncxe7 12. Bxd7+ Qxd7 13. Nc3 O-O 14. Nxd5
Nxd5 15. Qb3 c6 16. Rac1 Nb6 17. Qb4 1/2-1/2

[Event "14. Sparkassen Open 2015 - Gruppe B"]
[Site "Forchheim"]
[Date "2015.10.02"]
[Round "1.25"]
[White "Lohvinov, Petro"]
[Black "Jacob, Karl-Heinz"]
[Result "1/2-1/2"]
[WhiteElo "1643"]
[BlackElo "1728"]
[PlyCount "87"]
[EventDate "2015.??.??"]
[WhiteTeam "SK München Südost"]
[BlackTeam "SG Sonneberg"]

1. e4 e5 2. Nf3 Nf6 3. Nxe5 d6 4. Nf3 Nxe4 5. Nc3 Nxc3 6. dxc3 Be7 7. Be2 Nc6
8. Be3 h6 9. Qd2 Bf5 10. O-O O-O 11. Rfe1 Re8 12. Bd3 Qd7 13. Bxf5 Qxf5 14.
Rad1 Rad8 15. Re2 Bf6 16. Rde1 Re7 17. Qd3 Qxd3 18. cxd3 Ne5 19. Nxe5 dxe5 20.
Rd2 Red7 21. Red1 a6 22. Kf1 Be7 23. d4 exd4 24. Rxd4 Rxd4 25. Rxd4 Rxd4 26.
Bxd4 f5 27. Ke2 Kf7 28. Kd3 g6 29. Be5 c5 30. a4 Ke6 31. Bc7 Kd5 32. c4+ Kc6
33. Bf4 h5 34. Bd2 Bf6 35. b3 Kd6 36. Be3 Be7 37. Bf4+ Ke6 38. h4 Bxh4 39. g3
Bf6 40. Be3 Be7 41. f4 Kd6 42. Ke2 Bf6 43. Kd3 Kc6 44. Bd2 1/2-1/2

[Event "14. Sparkassen Open 2015 - Gruppe B"]
[Site "Forchheim"]
[Date "2015.10.02"]
[Round "1.26"]
[White "Nahlik, Bernhard"]
[Black "Reichel, Günther"]
[Result "1-0"]
[WhiteElo "1721"]
[BlackElo "1729"]
[PlyCount "67"]
[EventDate "2015.??.??"]
[WhiteTeam "SC Ansbach"]
[BlackTeam "SC-SF Stockstadt"]

1. d4 e6 2. Nf3 f5 3. g3 Nf6 4. Bg2 Be7 5. c4 O-O 6. Nc3 c5 7. d5 d6 8. dxe6
Nc6 9. O-O Bxe6 10. b3 Nh5 11. Nd5 f4 12. Nxf4 Nxf4 13. Bxf4 d5 14. cxd5 Bxd5
15. Qd2 Bf6 16. Rad1 Nd4 17. Nxd4 Bxg2 18. Kxg2 Bxd4 19. e3 Bf6 20. Qd5+ Qxd5+
21. Rxd5 Rfc8 22. Rc1 b6 23. g4 Re8 24. g5 Bb2 25. Rcd1 Kf7 26. Kf3 g6 27. h4
Bg7 28. Kg4 Re4 29. f3 Re7 30. h5 a6 31. Rd6 Rb8 32. Rc6 Rbb7 33. hxg6+ hxg6
34. Rdd6 1-0

[Event "14. Sparkassen Open 2015 - Gruppe B"]
[Site "Forchheim"]
[Date "2015.10.02"]
[Round "1.27"]
[White "Meth, Matthias"]
[Black "Götzel, Alfred"]
[Result "1/2-1/2"]
[WhiteElo "1813"]
[BlackElo "1950"]
[PlyCount "84"]
[EventDate "2015.??.??"]
[WhiteTeam "SC Tannhausen"]
[BlackTeam "SC Höchstadt/Aisch"]

1. d4 e6 2. c4 d5 3. Nc3 Nf6 4. Bg5 Nbd7 5. e3 c6 6. Bxf6 Nxf6 7. Bd3 Be7 8.
Nf3 O-O 9. O-O b6 10. a3 Ba6 11. Qa4 Bb7 12. Qc2 c5 13. cxd5 cxd4 14. Nxd4 Bxd5
15. Nxd5 Qxd5 16. Rfd1 Qh5 17. Be2 Qh4 18. Nf3 Qh6 19. Rd4 Rfc8 20. Rc4 Rxc4
21. Qxc4 g6 22. Qc7 Qf8 23. Rd1 Nd5 24. Qc1 Rc8 25. Qb1 Rc7 26. Ba6 Rc5 27. Rc1
Qd8 28. Rxc5 Bxc5 29. Qc1 Bf8 30. Be2 Bg7 31. Qd2 Qf6 32. Nd4 Qd8 33. Nf3 Qc7
34. g3 Nf6 35. Nd4 Ne4 36. Qd3 Bxd4 37. Qxd4 Nd6 38. Kg2 Nf5 39. Qd2 h5 40. h4
Ne7 41. Bf3 Nf5 42. b4 Kg7 1/2-1/2